00399nam a2200157Ia 45000010006000000050017000060080041000230410008000640820015000721000049000872450052001362600009001883000028001976500008002256540008002331806720260306171603.0260306s9999||||xx |||||||||||||| ||und|| aESP a658.4bM26 aMartínez-Echevarría, Miguel AlfonsoeAUT 0aDirigir empresas:bde la teoría a la realidad c2005 a331 páginas :c24 cm. aGEN aCAN